Statistics for [路線図付き] 銚子電気鉄道線 駅名穴埋めクイズ

Click here to take the quiz!

General Stats

  • This quiz has been taken 38 times
  • The average score is 7 of 10

Answers on the Map

Answers color-coded by a green-red scale on the quiz's map according to % correct below.
 

Answer Stats

Answer% Correct
銚子電気鉄道CD01銚子
100%
銚子電気鉄道CD09犬吠
91%
銚子電気鉄道CD10外川
88%
銚子電気鉄道CD04本銚子
76%
銚子電気鉄道CD05笠上黒生
71%
銚子電気鉄道CD02仲ノ町
62%
銚子電気鉄道CD07海鹿島
62%
銚子電気鉄道CD06西海鹿島
56%
銚子電気鉄道CD03観音
44%
銚子電気鉄道CD08君ヶ浜
44%

Score Distribution

Percentile by Number Answered

Percent of People with Each Score

Your Score History

You have not taken this quiz